LEADER 01117nam0-22004091i-450 001 990007006930403321 005 20241216113632.0 035 $a000700693 035 $aFED01000700693 035 $a(Aleph)000700693FED01 100 $a20011129d1971----km-y0itay50------ba 101 0 $aita 102 $aIT 200 1 $aQuattro codici$fa cura di F. Carnelutti, W. Bigiavi, A. Crespi 205 $a2. ed. 210 $aPadova$cCEDAM$d1971 225 1 $aBiblioteca legislativa 606 $aCodice penale 620 $aIT$dPadova 676 $a347$v23$zita 702 1$aBigiavi,$bWalter$f<1904-1968> 702 1$aCarnelutti,$bFrancesco 702 1$aCrespi,$bAlberto$f<1923- > 710 01$aItalia$0423419 801 0$aIT$bUNINA$gREICAT$2UNIMARC 901 $aBK 912 $a990007006930403321 952 $aII AA 13$b522$fDCEC 952 $aDPR 2 178 a$b2670$fDEC 952 $aDPR 2 178 b$b2675$fDEC 952 $aDPR 2 178 c$b2672$fDEC 952 $aDPR 2 178 d$b2679$fDEC 952 $aDPR 2-210$fDEC 959 $aDCEC 959 $aDEC 996 $aQuattro codici$9699812 997 $aUNINA LEADER 01085nam0 22002891i 450 001 UON00094410 005 20231205102525.954 100 $a20020107d1977 |0itac50 ba 101 $aita 102 $aIT 105 $a|||| 1|||| 200 1 $aBanchettanti$fAristofane$ga cura di Albio C. Cassio 210 $aPisa$cGiardini$d1977 215 $a p.$d cm 316 $aDATI INESATTI$5IT-UONSI T 1ARISTOPH0900 606 $aLetteratura greca$3UONC020864$2FI 620 $aIT$dPisa$3UONL000055 700 0$aAristophanes$3UONV056467$0602827 702 1$aCassio$bAlbio Cesare$3UONV056422 712 $aGiardini$3UONV257197$4650 790 0$aARISTOFANE$zAristophanes$3UONV056470 801 $aIT$bSOL$c20260313$gRICA 899 $aSIBA - SISTEMA BIBLIOTECARIO DI ATENEO E ARCHIVIO STORICO$2UONSI 912 $aUON00094410 950 $aSIBA - SISTEMA BIBLIOTECARIO DI ATENEO E ARCHIVIO STORICO$dSI T 1 ARISTOPH 0900 $eSI MC 13610 5 DATI INESATTI 996 $aBanchettanti$94549605 997 $aUNIOR